Introduction to the practice of statistics 4.0 includes E.E.S.E.E. case studies

Saved in:
Bibliographic Details
Main Author: Moore, David S.
Other Authors: McCabe, George P.
Format: Book
Language:English
Published: New York Freeman 2003
Subjects:
Tags: Add Tag
No Tags, Be the first to tag this record!

MARC

LEADER 00000nam$a2200000$$$4500
001 0047240
005 20240318114435.6
020 |a 0-7167-9658-9 
041 0 |a eng 
044 |a US 
245 1 0 |a Introduction to the practice of statistics 4.0  |b includes E.E.S.E.E. case studies  |c David S. Moore, George P. McCabe 
264 1 |a New York  |b Freeman  |c 2003 
300 |a CD-ROM 
610 2 0 |a teória štatistiky 
610 2 0 |a metódy štatistické 
610 2 0 |a analýza štatistická 
610 2 0 |a modely štatistické 
610 2 0 |a pravdepodobnosť 
610 2 0 |a regresia 
100 1 |a Moore, David S. 
700 1 |a McCabe, George P.